| 000 | 00426pab a2200145 454500 | ||
|---|---|---|---|
| 008 | 180718b1990 xxu||||| |||| 00| 0 eng d | ||
| 100 | _aKripa Shankar | ||
| 245 | _aLand ownership, asset structure, and income distribution in Eastern Uttar Pradesh | ||
| 260 | _c1990 | ||
| 300 | _a2385-7 | ||
| 362 | _a20-27 Oct. | ||
| 650 | _aLand Tenure - India - Uttar Pradesh | ||
| 773 | _aEconomic and Political Weekly | ||
| 909 | _a12308 | ||
| 999 |
_c12308 _d12308 |
||